000 01398nam a22004097a 4500
001 0015248
003 KOHA_MİRAKIL
005 20260207002022.0
007 ta
008 091009b1992 tu |||gr||||#0|||0|tur |
020 _a9751604435
_cTL8
040 _aTR-BiSEU
_btur
_cTR-BiSEU
_erda
041 0 _atur
044 _ctu
050 _aDR509.P57
_bA34 1992
100 1 _aAfetinan, A..
245 1 _aPiri Reis'in hayatı ve eserleri :
_bAmerika'nın en eski haritaları/
_cA. Afetinan ; A. Afetinan.
264 1 _aAnkara :
_bAtatürk Kültür, Dil ve Tarih Yüksek Kurumu.Türk Tarih Kurumu
_c1992
300 _a ix, 89 sayfa, 62: resimli, harita; 24 cm.
336 _ametin
_btxt
_2rdacontent
337 _aaracısız
_bn
_2rdamedia
338 _acilt
_bnc
_2rdacarrier
490 1 _aTürk Tarih Kurumu yayınları ;
_vVII.
490 1 _adizi ;
_v sa.
490 1 _a69-3.
500 _aFrench and Turkish.
500 _a"Un amiral geographe turc du XVIe siècle Pırı Reis, auteur de plus anciennce carte de l'Amérique."
500 _aKaynakça ve dizin var.
650 0 _aPiri Reis, d. 1554?
_935383
650 0 _aAmerica--Maps To 1800--History.
_935384
650 0 _aAdmirals--Turkey--Biography.
_913465
830 1 _aTürk Tarih Kurumu yayınları ;
_vVII.
_96704
830 1 _adizi ;
_v sa.
_910357
830 1 _a69-3.
_935385
907 _aTarih
942 _2lcc
_cBK
999 _c15211
_d15211